| 000 | 00683nam a22001937a 4500 | ||
|---|---|---|---|
| 008 | 161010b xxu||||| |||| 00| 0 eng d | ||
| 020 | _a0205175783 | ||
| 050 | _aRC 454 .W543 1995 | ||
| 100 | _aWilson, G Terence | ||
| 245 |
_aAbnormal Psychology: _binegrating perspective/ _cG. Terence Wilson, Peter E. Nathan, O'Leary and Lee Anna Clark |
||
| 260 |
_aBoston: _bAllyn and Bacon, _c1995 |
||
| 300 |
_axxi, 778p. : _bill. ; |
||
| 500 | _aIncludes bibliographical references and index. | ||
| 650 | _aPsychology, pathological | ||
| 700 | _aNathan, Peter E. | ||
| 700 | _aO'Leary, K. Daniel | ||
| 700 | _aClark, Lee Ann | ||
| 942 |
_2lcc _cBOOKS _hRC 454 .W543 1995 |
||
| 999 |
_c14851 _d14851 |
||